000 00594nam a22001937a 4500
003 0
005 20260205164424.0
008 260205b xxu||||| |||| 00| 0 eng d
020 _a978-1-4380-5060-7
050 _aM 550
_bM84 2018
082 _aM 550
_bM84 2018
100 _ade Mullenheim, Sophie
245 _aTell me! earth and sky! /
_cSophie de Mullenheim.
260 _aHauppauge, NY :
_bBarron's Educational Series, Inc.,
_c2018.
300 _a112 pages :
_bcolored illustrations ;
_c22 cm.
504 _aIncludes index.
650 _aAstronomy
_vJuvenile literature.
942 _2ddc
_cBK
999 _c368836
_d368836